00634cam a2200205 i 45000010009000000050017000090080041000260200018000670200018000850400013001030820019001161000025001352450121001602500012002812600029002933000044003225000020003666500013003866500029003991788331220190520090357.0130910s2015 maua 001 0 eng  a9780321918949 a9781292057231 cPK-LaUMT00a612223bMAR-V1 aMartini, Frederic H.10aVisual anatomy & physiology /cFrederic H. Martini . . . [et al.] ; illustrator, Kathleen Welch,and Ralph Hutchings. a2nd ed. aBoston :bPearson,c2015 a1230 p. :bcolor illustrations ;c29 cm aIncludes index.12aAnatomy.12aPhysiological Phenomena.